| 000 | 00552nam a22001817a 4500 | ||
|---|---|---|---|
| 003 | URS | ||
| 005 | 20250702134206.0 | ||
| 008 | 170531b xxu||||| |||| 00| 0 eng d | ||
| 020 | _a9789814314466 | ||
| 040 |
_bEnglish _cURS _erda |
||
| 050 |
_aT585.I55 _bR463 2011 |
||
| 100 |
_aReynolds, George W., _eauthor. |
||
| 245 |
_aPrinciples of ethics in information technology / _cGeorge W. Reynolds. |
||
| 264 |
_aSingapore : _bCengage Learning Asia Pte. Ltd., _c©2010. |
||
| 300 |
_axxi, 473 pages ; _c24 cm. |
||
| 500 | _aIncludes index. | ||
| 942 |
_2lcc _cR |
||
| 999 |
_c14661 _d14661 |
||